'A' Authors Multiple Choice Quiz Stats

 Plays Quiz not verified by Sporcle

Score 0/20 Timer 03:00
0 Plays Today
Question Answer Wrong Answers
Hans Christian Andersen The Ugly Duckling
88.4%
The Brave Duckling
0.7%
The First Duckling
0.6%
The White Duckling
0.9%
Louisa May Alcott Little Women
87.7%
Small Women
1.1%
Tiny Women
0.8%
Petite Women
0.8%
Margaret Atwood The Handmaid's Tale
87.5%
The Butler's Tale
1.4%
The Dresser's Tale
0.8%
The Janitor's Tale
0.6%
Isaac Asimov I, Robot
86.3%
I, Android
2.3%
I, Automaton
0.7%
I, Cyborg
1.5%
Jane Austen Mansfield Park
84.5%
Linkin Park
1%
Paisley Park
3.2%
Jurassic Park
1.7%
Dante Alighieri Divine Comedy
81.6%
Divine Satire
1%
Divine Tragedy
4.6%
Divine Intervention
2.9%
Maya Angelou I Know Why the Caged Bird Sings
79%
I Know Why the Caged Bird Flies
2.2%
I Know Why the Caged Bird Cries
4.6%
I Know Why the Caged Bird Knows
5%
Jeffrey Archer Only Time Will Tell
78.6%
Only Love Will Tell
6.6%
Only One Will Tell
3.1%
Only You Will Tell
1.8%
Douglas Adams The Restaurant at the End of the Universe
77.6%
The Restaurant at the End of the Road
9.5%
The Restaurant at the End of the Land
1.8%
The Restaurant at the End of the Mind
1.6%
Chinua Achebe Things Fall Apart
76.6%
People Fall Apart
6.5%
Objects Fall Apart
3.3%
Don't Fall Apart
3.8%
Piers Anthony On a Pale Horse
76.5%
On a Pale Pig
4.1%
On a Pale Sheep
4.1%
On a Pale Goat
5.3%
Mitch Albom Tuesdays with Morrie
73.8%
Washdays with Morrie
3.2%
Weekdays with Morrie
10.1%
Playdays with Morrie
3.6%
W.H. Auden Tell Me the Truth about Love: Fifteen Poems
72.3%
Tell Me the Truth about Vitamins: Fifteen Poems
2%
Tell Me the Truth about Money: Fifteen Poems
4%
Tell Me the Truth about Summer: Fifteen Poems
12.6%
Chimamanda Ngozi Adichie Half of a Yellow Sun
63.8%
Half of a Yellow Dress
9.7%
Half of a Yellow Fruit
11.8%
Half of a Yellow Bus
4.3%
Isabel Allende The House of the Spirits
56.6%
The House of the Sinners
11.2%
The House of the Saints
11.3%
The House of the Souls
10.8%
Aristophanes The Frogs
48.2%
The Hogs
4.9%
The Dogs
31.9%
The Logs
4.7%
Kate Atkinson Behind the Scenes at the Museum
46.8%
Behind the Scenes at the Theater
16.2%
Behind the Scenes at the Movies
11.2%
Behind the Scenes at the Gallery
15.1%
Paul Auster City of Glass
42.1%
City of Spires
12.3%
City of Lies
26.7%
City of Steel
9.1%
Monica Ali Brick Lane
41.2%
Brick Wall
20.9%
Brick Fences
19.2%
Brick-à-brac
9.1%
Kingsley Amis The Old Devils
22.7%
The Red Devils
15%
The Forgotten Devils
16.1%
The Painted Devils
35.8%

You're not logged in!

Compare scores with friends on all Sporcle quizzes.
OR
Log In

You Might Also Like...

Show Comments

Extras

Top Quizzes Today


Score Distribution

Your Account Isn't Verified!

In order to create a playlist on Sporcle, you need to verify the email address you used during registration. Go to your Sporcle Settings to finish the process.

Report this User

Report this user for behavior that violates our Community Guidelines.

Details: